[Event "Bundesliga 9293"]
[Site "Germany"]
[Date "1993.??.??"]
[Round "?"]
[White "Schlick, Volker"]
[Black "Buecker, Stefan"]
[Result "1-0"]
[WhiteElo "2305"]
[BlackElo "2365"]

1.e4 d6 2.d4 Nf6 3.Nc3 e5 4.Nf3 Nbd7 5.Be2 Be7 6.O-O O-O 7.h3 c6 8.a4 Re8
9.Be3 Qc7 10.Nd2 Nf8 11.f4 Ne6 12.fxe5 dxe5 13.dxe5 Nd7 14.Nc4 Nxe5 15.Nxe5 Qxe5
16.Rf5 Qg3 17.Rf3 Qc7 18.Bc4 Bb4 19.Qd3 Re7 20.Raf1 Bd7 21.e5 Qxe5 22.Ne4 b5
23.Ba2 c5 24.axb5 Be8 25.c3 Ba5 26.Bb1 Nf8 27.Bf4 Qh5 28.Bd6 c4 29.Qd1 Bb6+
30.Kh1 Rd8 31.Nf6+ gxf6 32.Rg3+ Qg5 33.Rxg5+ fxg5 34.Bxe7 Rxd1 35.Rxd1 Ne6
36.Bf5 Bxb5 37.Rd5 Bc6 38.Bxe6 fxe6 39.Rxg5+ Kf7 40.Bd6 Be4 41.Be5 Be3 42.Rg4 Bd3
43.Rg7+ Kf8 44.Rb7 Bc1 45.Kh2 Be4 46.Rc7 Bd3 47.Kg3 Be3 48.Kf3 Bb6 49.Rb7  1-0

[Event "NRW-Liga II 9293"]
[Site "Germany"]
[Date "1993.??.??"]
[Round "?"]
[White "Sandkamp, Ralph"]
[Black "Wolter, Kai"]
[Result "1/2-1/2"]
[WhiteElo "2215"]
[BlackElo "2250"]

1.e4 d6 2.d4 Nf6 3.Nc3 e5 4.dxe5 dxe5 5.Qxd8+ Kxd8 6.Nf3 Bd6 7.Bg5 Be6 8.O-O-O Nd7
9.Bb5 Kc8 10.Bh4 h6 11.Bg3 a6 12.Bxd7+ Nxd7 13.Nd5 Bxd5 14.exd5 f5 15.h4 b6
16.Rhe1 f4 17.Bh2 g5 18.hxg5 hxg5 19.Bg1 g4 20.Nd2 Kb7 21.f3 Rag8 22.Ne4 gxf3
23.gxf3 Rh3 24.Rd3 Rh1 25.Rdd1 Rh3 26.Rf1 Rg6 27.Kd2 Nf6 28.Nxf6 Rxf6 29.Kd3 Rg6
30.Ke4 Rg2 31.Rf2 Rg5 32.Rff1 Rg2 33.Rf2 Rhg3 34.Rxg2 Rxg2 35.Kd3 Kc8 36.Rf1 Kd7
37.Bf2 Rh2 38.Be1 Bc5 39.Bc3 Kd6 40.Re1 Bd4 41.Bxd4 exd4 42.Re4 Kxd5 43.Rxd4+ Ke5
44.Re4+ Kf5 45.Re7 Rf2 46.Rxc7 Rxf3+ 47.Ke2 Re3+ 48.Kf2 Re6  1/2-1/2

[Event "Bundesliga 9293"]
[Site "Germany"]
[Date "1993.??.??"]
[Round "?"]
[White "Reeh, Oliver"]
[Black "Seul, Georg"]
[Result "1-0"]
[WhiteElo "2435"]
[BlackElo "2415"]

1.e4 d6 2.d4 Nf6 3.Nc3 e5 4.Nf3 Nbd7 5.Bc4 Be7 6.O-O O-O 7.a4 c6 8.a5 exd4
9.Nxd4 Nc5 10.Re1 Bg4 11.f3 Bd7 12.Be3 Qc7 13.Qd2 Rfe8 14.b4 Na6 15.b5 Nc5
16.a6 bxa6 17.bxc6 Bxc6 18.Nxc6 Qxc6 19.Ba2 Rac8 20.Nd5 Nxd5 21.Bxd5 Qc7
22.Ra5 Bd8 23.Ra2 a5 24.g3 Qe7 25.Kg2 Kh8 26.h4 Bb6 27.h5 Nd7 28.h6 Bxe3
29.hxg7+ Kxg7 30.Rxe3 Rc5 31.Rxa5 Rxa5 32.Qxa5 Ne5 33.Rc3 Rd8 34.f4 Ng4 35.Rc7 Rd7
36.Qc3+ Nf6 37.Rxd7 Qxd7 38.Qd4 Qg4 39.Bc4 h5 40.Qxa7 d5 41.Bxd5 Nxd5 42.exd5 Qe2+
43.Qf2 Qe4+ 44.Qf3 Qxc2+ 45.Kh3 Kh6 46.f5 Kg5 47.d6 Kf6 48.Qxh5 Qf2 49.Qh4+ Kg7
50.Qg5+ Kf8 51.Qe7+ Kg7 52.Qe4 Qd2 53.Qg4+ Kf6 54.Qh4+ Kxf5 55.d7 Qd1 56.g4+ Kf4
57.Qf6+ Ke3 58.d8=Q Qh1+ 59.Kg3 Qe1+ 60.Kh2 Qe2+ 61.Kh3  1-0

[Event "Bundesliga 9293"]
[Site "Germany"]
[Date "1993.??.??"]
[Round "?"]
[White "Reefschlaeger, Helmut"]
[Black "Von Gleich, Alexander"]
[Result "1-0"]
[WhiteElo "2395"]
[BlackElo "2335"]

1.e4 d6 2.d4 Nf6 3.Nc3 e5 4.Nge2 Nbd7 5.g3 g6 6.Bg2 Bg7 7.h3 O-O 8.O-O Re8
9.Be3 a6 10.a4 Rb8 11.a5 exd4 12.Bxd4 c5 13.Be3 b5 14.Qxd6 b4 15.Na4 Nxe4
16.Bxe4 Rxe4 17.Rfd1 Qe8 18.Kf1 Bf8 19.Qc6 Re6 20.Qc7 Rb7 21.Qf4 Rf6 22.Qh4 Rf3
23.Bf4 Be7 24.Qh6 Nf6 25.Ng1 Qc6 26.Re1 Be6 27.Rxe6 fxe6 28.Nxf3 Qxf3 29.Kg1 Ne4
30.Rf1 e5 31.Bc1 Qe2 32.Qe3 Qxc2 33.Qf3 Rd7 34.Nb6 Qd3 35.Qg4 Rd6 36.Bh6 Bf8
37.Bxf8 Kxf8 38.Re1 Nf6 39.Qc8+ Rd8 40.Qxc5+ Qd6 41.Qxe5 Qxe5 42.Rxe5 Rd2
43.Nc4 Rc2 44.b3 Rc3 45.Re6 Kf7 46.Rxa6 Rxb3 47.Ne5+ Kg7 48.Ra7+ Kg8 49.Rb7 Ra3
50.Nc4 Ra4 51.Kg2 b3 52.Nd6 Rxa5 53.Rxb3 Ra7 54.f4 Rd7 55.Rb6 Nd5 56.Rb8+ Kg7
57.Ne4 Re7 58.Kf3 Nf6 59.Nc5 Nd5 60.Rb3 Nf6 61.g4 h6 62.Rb6 Ra7 63.Rb3 Re7
64.Ra3 Nd5 65.h4 Rf7 66.Ne6+ Kf6 67.Nd4 Kg7 68.Ne6+ Kf6 69.Nc5 Kg7 70.Ra4 Re7
71.Rd4 Nf6 72.g5 hxg5 73.hxg5 Ng8 74.Rd6 Ra7 75.Ne6+ Kf7 76.Nd8+ Kg7 77.Nc6 Rc7
78.Ne5 Ne7 79.Rf6 Rb7 80.Ke2 Kh7 81.Rf7+ Kg8 82.Kd3 Rc7 83.Kd2 Ra7 84.Rf6 Kh7
85.Rd6 Kg7 86.Kc3 Ra4 87.Nc4 Ra1 88.Nb6 Rb1 89.Kc2 Rb5 90.Kd3 Rb4 91.Nc4 Rb1
92.Ra6 Rf1 93.Ke4 Re1+ 94.Kd3 Rf1 95.Ne5 Rxf4 96.Ra7 Kf8 97.Rxe7 Rf5 98.Nxg6+ Kg8
99.Re5  1-0

[Event "BL2-O9293"]
[Site "Germany"]
[Date "1993.??.??"]
[Round "?"]
[White "Ankerst, Mihael"]
[Black "Roesch, Arnd"]
[Result "1/2-1/2"]
[WhiteElo "2265"]
[BlackElo "2355"]

1.e4 d6 2.d4 Nf6 3.Nc3 e5 4.Nf3 Nbd7 5.Bc4 Be7 6.O-O O-O 7.Re1 c6 8.a4 b6
9.h3 a6 10.dxe5 dxe5 11.Nh4 Nxe4 12.Nxe4 Bxh4 13.Qh5 Be7 14.Ng5 Bxg5 15.Bxg5 Nf6
16.Bxf6 Qxf6 17.Qxe5 Bf5 18.Qxf6 gxf6 19.c3 b5 20.Bb3 Rfe8 21.g4 Bg6 22.Kg2 Kf8
23.Kg3 Rxe1 24.Rxe1 c5 25.Bd5 Rd8 26.Bb7 bxa4 27.Bxa6 Bc2 28.Re2 Bd1 29.Re3 Rb8
30.Rd3 Bc2 31.Rd5 Rxb2 32.Rxc5 a3 33.Bc4 Bb3 34.Bxb3 Rxb3 35.f3 Kg7 36.Kf4 a2
37.Ra5 Rxc3 38.Rxa2 Rc4+ 39.Kg3 Kg6 40.Ra5 Rb4 41.Rc5 Ra4 42.h4 h6 43.Rc8 Kg7
44.Re8 Rb4 45.Re4 Rb6 46.Kf4 Ra6 47.Kg3 Ra2 48.Re3 Ra6 49.f4 Ra4 50.Kf3 Ra1
51.f5 Rh1 52.Kg3  1/2-1/2

[Event "Gladsaxe"]
[Site "Gladsaxe"]
[Date "1993.??.??"]
[Round "7"]
[White "Danielsen, Heini"]
[Black "Nilsson, Nils Specht"]
[Result "0-1"]
[WhiteElo "2095"]
[BlackElo "2245"]

1.e4 d6 2.d4 Nf6 3.Nc3 c6 4.f4 Qa5 5.Bd3 Bg4 6.Nf3 d5 7.e5 Ne4 8.Bd2 Nxd2
9.Qxd2 Bxf3 10.gxf3 Qb4 11.e6 f6 12.O-O-O a5 13.Qg2 a4 14.a3 Qd6 15.Bxh7 Qxf4+
16.Kb1 g5 17.Qh3 Kd8 18.Qf5 Qxf5 19.Bxf5 b5 20.Rd2 Rh4 21.Bg4 Na6 22.Na2 Kc7
23.c3 Bg7 24.Rf2 Rf8 25.Bf5 Rf4 26.Bg6 Rh8 27.Nc1 g4 28.Nd3 Rxf3 29.Rxf3 gxf3
30.Bf5 Bh6 31.Rf1 Be3 32.Rxf3 Bg1 33.h3 Bh2 34.Rf2 Bd6 35.Rg2 Rh5 36.Bg4 Rh4
37.Kc2 c5 38.dxc5 Bxc5 39.Nf4 Kd6 40.Ng6 Rh6 41.Bf5 Nc7 42.Re2 Ne8 43.Nf4 Ng7
44.Bd3 Rh4 45.Rg2 Rxf4 46.Rxg7 Rf2+ 47.Kb1 d4 48.Bxb5 dxc3 49.bxc3 Bxa3 50.Bxa4 Rb2+
51.Ka1 Rh2 52.Rg3 Kxe6 53.Re3+ Kf5 54.c4 Bc5 55.Bd7+ Kf4 56.Rd3 e5 57.Kb1 Bd4
58.Bg4 Rf2 59.Kc1 Ke4 60.Rb3 f5 61.Bh5 Rh2 62.Rf3 Be3+ 63.Kd1 Kd3 64.Rf1 Ra2
65.Ke1 f4 66.Bg6+ e4 67.Bh5 Ra1+ 68.Bd1 f3  0-1

[Event "Goch op"]
[Site "Goch"]
[Date "1993.??.??"]
[Round "1"]
[White "Stillger, Bernhard"]
[Black "Klausmeier, Achim"]
[Result "1-0"]
[WhiteElo "2215"]
[BlackElo "1760"]

1.e4 d6 2.d4 Nf6 3.Nc3 e5 4.Nge2 Nc6 5.f3 exd4 6.Nxd4 Be7 7.Be3 Bd7 8.Qd2 a6
9.O-O-O O-O 10.g4 Nxd4 11.Bxd4 b5 12.g5 Nh5 13.Rg1 c6 14.f4 b4 15.Ne2 Qa5
16.Kb1 c5 17.Be3 Be6 18.Nc1 c4 19.f5 c3 20.Qd4 b3 21.cxb3 Rfc8 22.bxc3 Bd7
23.Be2 Nf6 24.gxf6 Bxf6 25.Qxf6  1-0

[Event "Goch op"]
[Site "Goch"]
[Date "1993.??.??"]
[Round "3"]
[White "Giese, G."]
[Black "Klausmeier, Achim"]
[Result "1-0"]
[WhiteElo "1990"]
[BlackElo "1760"]

1.e4 d6 2.d4 Nf6 3.Nc3 e5 4.dxe5 dxe5 5.Qxd8+ Kxd8 6.Bg5 Be7 7.Bc4 Rf8 8.Nf3 Nc6
9.O-O-O+ Bd7 10.Bb5 Ke8 11.Bxc6 Bxc6 12.Nxe5 Bxe4 13.Nxe4 Nxe4 14.Bxe7 Kxe7
15.Rhe1 Nxf2 16.Ng4+  1-0

[Event "Goch op"]
[Site "Goch"]
[Date "1993.??.??"]
[Round "4"]
[White "Wehen, G."]
[Black "Jung, Thomas"]
[Result "0-1"]
[WhiteElo "1870"]
[BlackElo "2080"]

1.d4 d6 2.e4 Nf6 3.Nc3 c6 4.Nf3 Bg4 5.Be2 e6 6.h3 Bh5 7.Bg5 Be7 8.O-O Bxf3
9.Bxf3 Nxe4 10.Bxe7 Nxc3 11.Bxd8 Nxd1 12.Bc7 Nxb2 13.Rab1 Nc4 14.Rxb7 O-O
15.Bxb8 Raxb8 16.Bxc6 Rxb7 17.Bxb7 Rb8 18.Ba6 Na3 19.c4 Rb6 20.Bb5 Nxb5 21.cxb5 Rxb5
22.Rc1 g6 23.Rc6 Ra5 24.Rc2 Kg7 25.Kf1 Ra4 26.Rd2 Kf6 27.Ke2 Kf5 28.f3 g5
29.Kf2 h5 30.Kg3 h4+ 31.Kf2 Kf4 32.Ke2 Kg3 33.Kd1 Rc4 34.d5 e5 35.a3 Rd4  0-1

[Event "Gran Canaria op"]
[Site "Gran Canaria"]
[Date "1993.??.??"]
[Round "6"]
[White "Solana Suarez, Ernesto"]
[Black "Strikovic, Aleksa"]
[Result "1/2-1/2"]
[WhiteElo "2300"]
[BlackElo "2465"]

1.e4 d6 2.d4 Nf6 3.Nc3 e5 4.Nf3 Nbd7 5.Bc4 Be7 6.O-O O-O 7.Re1 c6 8.a4 a5
9.Ba2 h6 10.h3 Re8 11.Be3 Bf8  1/2-1/2

[Event "Graz op"]
[Site "Graz"]
[Date "1993.??.??"]
[Round "8"]
[White "Kiss, Attila"]
[Black "Jetzl, Joerg"]
[Result "1-0"]
[WhiteElo "2365"]
[BlackElo "2240"]

1.d4 d6 2.e4 Nf6 3.Nc3 e5 4.Nf3 exd4 5.Qxd4 Be7 6.Bg5 O-O 7.O-O-O c6 8.e5 dxe5
9.Qh4 Nbd7 10.Bd3 Re8 11.Bxf6 Bxf6 12.Qxh7+ Kf8 13.Ne4 g6 14.Bc4 Bg7 15.Nfg5 Re7
16.Bxf7  1-0

[Event "GRE-ch"]
[Site "GRE"]
[Date "1993.??.??"]
[Round "2"]
[White "Bousios, Hristos"]
[Black "Kofidis, Andreas"]
[Result "1/2-1/2"]
[WhiteElo "2285"]
[BlackElo "2400"]

1.d4 d6 2.e4 Nf6 3.Nc3 c6 4.Be2 g6 5.h4 Nbd7 6.h5 gxh5 7.Bxh5 Nxh5 8.Qxh5 Nf6
9.Qh2 Qb6 10.Nge2 Be6 11.b3 Bg7 12.f3 Qa5 13.Bh6 Rg8 14.Bxg7 Rxg7 15.g4 O-O-O
16.O-O-O h5 17.gxh5 Rh8 18.h6 Rg6 19.Qf4 Nh5 20.Qe3 Rgxh6 21.Rh4 R6h7 22.Rdh1 Nf6
23.Rxh7 Rxh7 24.Rxh7 Nxh7 25.Kb2  1/2-1/2

[Event "Haarlem op"]
[Site "Haarlem"]
[Date "1993.??.??"]
[Round "6"]
[White "Markus, John Raymond"]
[Black "Hartoch, Robert G"]
[Result "0-1"]
[WhiteElo "2195"]
[BlackElo "2355"]

1.d4 d6 2.e4 Nf6 3.Nc3 c6 4.Be2 b5 5.a3 Nbd7 6.Nf3 e5 7.O-O Be7 8.Bg5 Qc7
9.Re1 a6 10.Bf1 Bb7 11.Qd2 h6 12.Bh4 O-O 13.Rad1 Rad8 14.g4 Rfe8 15.g5 hxg5
16.Bxg5 Nf8 17.Bh3 N6h7 18.Bxe7 Qxe7 19.Kh1 Qf6 20.Qe3 Bc8 21.Bxc8 Rxc8 22.dxe5 dxe5
23.Rg1 Rcd8 24.Ne2 Ne6 25.Rxd8 Rxd8 26.Ng3 Nf4 27.Nf5 g6 28.Nh6+ Kg7 29.Ng4 Qe6
30.Ngxe5 Nh3 31.Rg3 Nf6 32.Nd3 Rh8 33.Nd4 Qxe4+ 34.Qxe4 Nxe4 35.Rf3 c5 36.Nc6 c4
37.Nde5 Nhxf2+ 38.Kg2 f6 39.Nd7 Ng4 40.h3 Nh6 41.a4 Nf5 42.Ra3 Kh6 43.axb5 axb5
44.Nb6 Kg5 45.Ra5 Ned6 46.Nd5 Re8 47.Kf2 Ne4+ 48.Kg1 Kh4 49.Rxb5 Kxh3 50.Nf4+ Kg3
51.Nxg6 Ned6 52.Rd5 Re1+  0-1

[Event "Hamburg-ch"]
[Site "Hamburg"]
[Date "1993.??.??"]
[Round "?"]
[White "Hegeler, Frank"]
[Black "Stanke, Juergen"]
[Result "1/2-1/2"]
[WhiteElo "2215"]
[BlackElo "2305"]

1.d4 d6 2.e4 Nf6 3.Nc3 e5 4.Nf3 Nbd7 5.Bc4 Be7 6.O-O O-O 7.Re1 c6 8.a4 a5
9.h3 h6 10.Bf1 Re8 11.b3 Bf8 12.Bb2 Qb6 13.Qd3 g6 14.Rad1 Nh5 15.Qe3 Qc7
16.g3 Kh7 17.Ba3 Ng7 18.d5 f5 19.Bc1 Nh5 20.exf5 gxf5 21.Nh4 Nc5 22.Qf3 Ng7
23.Qe3 Nh5 24.Qf3 Ng7 25.Qe3  1/2-1/2

[Event "GER-ch int U20"]
[Site "Hamburg"]
[Date "1993.??.??"]
[Round "?"]
[White "Berndt, Stephan"]
[Black "Savko, Alexei"]
[Result "1/2-1/2"]
[WhiteElo "2290"]
[BlackElo "2340"]

1.e4 d6 2.d4 Nf6 3.Nc3 e5 4.Nf3 Nbd7 5.Bc4 Be7 6.O-O O-O 7.Re1 c6 8.a4 Qc7
9.Ba2 b6 10.Qe2 Bb7 11.dxe5 dxe5 12.Nh4 Nc5 13.Nf5 Bc8 14.Qf3 Bxf5 15.Qxf5 a6
16.Be3  1/2-1/2

[Event "Wichern op"]
[Site "Hamburg"]
[Date "1993.??.??"]
[Round "2"]
[White "Kindermann, Stefan"]
[Black "Liebau, Andreas"]
[Result "1-0"]
[WhiteElo "2520"]
[BlackElo "2220"]

1.e4 d6 2.d4 Nf6 3.Nc3 e5 4.Nf3 Nbd7 5.Bc4 Be7 6.O-O O-O 7.a4 c6 8.h3 b6
9.Qe2 a6 10.dxe5 dxe5 11.Rd1 Qc7 12.Nh4 Nc5 13.Nf5 Bxf5 14.exf5 b5 15.Ba2 b4
16.Nb1 Nxa4 17.Bxf7+ Rxf7 18.Rxa4 Nd5 19.Rxa6 Rxa6 20.Qxa6 Rxf5 21.Nd2 Rf4
22.Nf3 Rf8 23.Qc4 Qd6 24.Re1 Bf6 25.Be3 Be7 26.Bd2 Bf6 27.Re4 Rb8 28.Qe2 Re8
29.Qc4 Rb8 30.g3 h6 31.Kg2 Kh8 32.Qe2 Re8 33.Bf4 Nxf4+ 34.gxf4 Qd5 35.fxe5 Be7
36.Qc4  1-0

[Event "Wichern op"]
[Site "Hamburg"]
[Date "1993.??.??"]
[Round "9"]
[White "Mordhorst, Henning"]
[Black "Liebau, Andreas"]
[Result "1/2-1/2"]
[WhiteElo "2310"]
[BlackElo "2220"]

1.e4 d6 2.d4 Nf6 3.Nc3 e5 4.dxe5 dxe5 5.Qxd8+ Kxd8 6.Bg5 Be6 7.O-O-O+ Nd7
8.f4 exf4 9.Nge2 Bd6 10.Nxf4 h6  1/2-1/2

[Event "Hania op"]
[Site "Hania"]
[Date "1993.??.??"]
[Round "2"]
[White "Luther, Thomas"]
[Black "Nilsson, Lars Kjoller"]
[Result "1-0"]
[WhiteElo "2480"]
[BlackElo "2260"]

1.e4 d6 2.d4 Nf6 3.Nc3 e5 4.Nf3 exd4 5.Qxd4 Nc6 6.Bb5 Bd7 7.Bxc6 Bxc6 8.Bg5 Be7
9.O-O-O O-O 10.Rhe1 Nd7 11.h4 Bf6 12.Qe3 h6 13.Bxf6 Qxf6 14.g4 Qg6 15.Nd4 Ne5
16.f3 Rfe8 17.Nf5 Rad8 18.Ne2 Qe6 19.b3 Ng6 20.h5 Nf8 21.Ned4 Qe5 22.g5 hxg5
23.Qxg5 Nh7 24.Qg4 Bd7 25.Rg1 Bxf5 26.Nxf5 Kf8 27.Qxg7+ Qxg7 28.Rxg7 Nf6
29.Rdg1  1-0

[Event "Heraklio op"]
[Site "Heraklio"]
[Date "1993.??.??"]
[Round "2"]
[White "Bellon Lopez, Juan Manuel"]
[Black "Oratovsky, Michael"]
[Result "1-0"]
[WhiteElo "2415"]
[BlackElo "2420"]

1.d4 d6 2.e4 Nf6 3.Nc3 c6 4.f4 Qa5 5.Bd3 e5 6.Nf3 Bg4 7.Be3 exd4 8.Bxd4 Qb4
9.Be2 Nxe4 10.O-O d5 11.Nxe4 dxe4 12.c3 Qe7 13.Ne5 Bxe2 14.Qxe2 f5 15.Qh5+ g6
16.Nxg6 Qf7 17.Qh3 Qxg6 18.Bxh8 Bc5+ 19.Kh1 Nd7 20.b4 O-O-O 21.Be5 Bb6 22.Rad1 Bc7
23.Bxc7 Kxc7 24.Qe3 Rg8 25.Rf2 Nb6 26.Qd4 Re8 27.a4 Nd5 28.c4 Nxb4 29.Qd7+ Kb8
30.Rb2 a5 31.Rd6 Qg8 32.h3 e3 33.Re2 Ka7 34.Qxf5 Qxc4 35.Qxa5+ Na6 36.Qe1 Qxf4
37.Rd3 Qxa4 38.Rexe3 Rf8 39.Rf3 Rxf3 40.Rxf3 Qd4 41.Qg1 Qxg1+ 42.Kxg1 b5
43.Kf2 b4 44.g4 c5 45.g5 c4 46.Ke3 Nc5 47.Rf4 Kb6 48.Rxc4 Kb5 49.Rh4  1-0

[Event "Hlinsko op"]
[Site "Hlinsko"]
[Date "1993.??.??"]
[Round "?"]
[White "Nagy, Zoltan"]
[Black "Hausner, Ivan"]
[Result "0-1"]
[WhiteElo "2305"]
[BlackElo "2465"]

1.e4 d6 2.d4 Nf6 3.Nc3 c6 4.f4 Qa5 5.Bd3 e5 6.Nf3 Bg4 7.dxe5 dxe5 8.f5 Nbd7
9.h3 Bxf3 10.Qxf3 Nc5 11.O-O Nxd3 12.cxd3 Be7 13.Kh1 Rd8 14.Bg5 h6 15.Bxf6 Bxf6
16.Rad1 Rd6 17.Rfe1 O-O  0-1

[Event "Hlohovec op"]
[Site "Hlohovec"]
[Date "1993.??.??"]
[Round "?"]
[White "Piza, Vlastimil"]
[Black "Mokry, Karel"]
[Result "1/2-1/2"]
[WhiteElo "2275"]
[BlackElo "2525"]

1.d4 d6 2.e4 Nf6 3.Nc3 c6 4.f3 e5 5.Be3 Be7 6.Qd2 Nbd7 7.Nge2 O-O 8.g4 b5
9.Ng3 exd4 10.Bxd4 b4 11.Nd1 c5 12.Bf2 d5 13.g5 Ne8 14.Qxd5 Bxg5 15.Be3 Bxe3
16.Nxe3 Nc7 17.Qd6 Ne6 18.O-O-O Nb6 19.Ngf5 Qxd6 20.Rxd6 Bb7 21.Nc4 Rfd8
22.Na5 Rxd6 23.Nxd6 Bc8 24.Nxc8 Rxc8 25.Ba6 Rc7 26.c3 bxc3 27.bxc3 Kf8 28.Nc4 Nxc4  1/2-1/2

[Event "HUN-chT2"]
[Site "HUN"]
[Date "1993.??.??"]
[Round "?"]
[White "Gosztola, Istvan"]
[Black "Kosztolanczi, Gyula"]
[Result "0-1"]
[WhiteElo "2265"]
[BlackElo "2220"]

1.e4 d6 2.d4 Nf6 3.Nc3 e5 4.dxe5 dxe5 5.Qxd8+ Kxd8 6.Bg5 Be6 7.Nf3 Bd6 8.O-O-O Nd7
9.Bb5 h6 10.Bh4 g5 11.Bg3 Ke7 12.Nd5+ Nxd5 13.exd5 Bg4 14.Be2 f5 15.h3 Bxf3
16.Bxf3 e4 17.Bxd6+ Kxd6 18.Be2 Rhe8 19.c4 a5 20.Kc2 Re5 21.b3 Rae8 22.a3 e3
23.f3 Nf6 24.g4 f4 25.Kc3 b5 26.Kd4 bxc4 27.bxc4 c5+ 28.Kc3 Rb8 29.Rb1 Ree8
30.Rhe1 h5 31.Bd3 hxg4 32.hxg4 Rxb1 33.Rxb1 Nd7 34.Rb2 Rh8 35.Bf5 Re8 36.Bxd7 e2
37.Rb6+ Kxd7 38.Re6 e1=Q+ 39.Rxe1 Rxe1 40.Kd2 Rh1  0-1

[Event "HUN-chT"]
[Site "HUN"]
[Date "1993.??.??"]
[Round "?"]
[White "Palkovi, Jozsef"]
[Black "Sutorikhin, Vladimir"]
[Result "1/2-1/2"]
[WhiteElo "2405"]
[BlackElo "2390"]

1.e4 d6 2.d4 Nf6 3.Nc3 e5 4.Nf3 Nbd7 5.Bc4 Be7 6.O-O O-O 7.Re1 c6 8.a4 a5
9.h3 Re8 10.Ba2 h6 11.Be3 Qc7 12.Nh2 Nf8 13.Ng4 Nxg4 14.hxg4 exd4 15.Bxd4 Be6
16.Bxe6 Nxe6 17.Be3 Rad8 18.Qd2 Bf6 19.Rad1 Nc5 20.Bd4 Qe7 21.Qe3 Bxd4 22.Rxd4 Qh4
23.Qd2 Qxg4 24.Rxd6 Ne6 25.Qd1 Qg5 26.Re3  1/2-1/2

[Event "HUN-chT"]
[Site "HUN"]
[Date "1993.??.??"]
[Round "?"]
[White "Bezdan, Tibor"]
[Black "Varga, Zoltan"]
[Result "1/2-1/2"]
[WhiteElo "2310"]
[BlackElo "2480"]

1.e4 d6 2.d4 Nf6 3.Nc3 c6 4.Nf3 b5 5.e5 dxe5 6.dxe5 Qxd1+ 7.Nxd1 Nd5 8.c4 bxc4
9.Bxc4 Ba6 10.Bxa6 Nxa6 11.O-O e6 12.Ne3 Bc5 13.Nc4 O-O 14.a3 h6 15.Bd2 Bb6
16.b4 c5 17.b5 Nb8 18.a4 Nd7 19.Rfe1 Bc7 20.a5 Rfb8 21.Rab1 Bd8 22.Rec1 Be7
23.Rb3 Rb7 24.a6 Rc7 25.Ba5 Rcc8 26.Nfd2 Rab8 27.Nd6 Rf8 28.N2c4 Nb4 29.Bxb4 cxb4
30.f4 f6 31.exf6 Rxf6 32.Rxb4 Rxf4 33.Rbb1 Nc5 34.Rd1 Na4 35.Rb3 Bf6 36.Na5 Rd8
37.Nc6 Rd7 38.g3 Rg4 39.Kg2 Nc3 40.Rd3 Ra4 41.Nb8 Rd8 42.Nc6 Ra2+ 43.Kh3 Rd7
44.Nb8 Rd8 45.Nc6 Rd7 46.Rbxc3 Bxc3 47.Rxc3 Rxd6 48.Nxa7 Rdd2 49.Kg4 Rdb2
50.Rc8+ Kh7 51.Rb8 Rxa6 52.bxa6 Rxb8 53.Nc6 Rb6 54.a7 Ra6 55.Kf4 Kg6 56.Ke5 Kg5
57.h3 h5 58.Kd6 h4 59.gxh4+ Kxh4 60.Kc5 e5 61.Kb5 Rxa7 62.Nxa7 Kxh3 63.Nc6 e4
64.Kc4 Kg3 65.Kd4 Kf4 66.Ne5 e3 67.Nd3+ Kf3 68.Ne5+  1/2-1/2

[Event "HUN-chT2"]
[Site "HUN"]
[Date "1993.??.??"]
[Round "?"]
[White "Molnar, Bela"]
[Black "Okhotnik, Vladimir"]
[Result "1/2-1/2"]
[WhiteElo "2265"]
[BlackElo "2400"]

1.e4 d6 2.d4 Nf6 3.Nc3 c6 4.f4 Qa5 5.Bd3 e5 6.Nf3 Bg4 7.Be3 Nbd7 8.O-O Be7
9.Qe1 Bxf3 10.Rxf3 Ng4 11.Bd2 Qb6 12.Ne2 exd4 13.Ba5 Qxb2 14.h3 Ngf6 15.Rb1 Qxa2
16.Ra1 Qb2 17.Rb1 Qa2  1/2-1/2

[Event "HUN-ch (Women)"]
[Site "HUN"]
[Date "1993.??.??"]
[Round "2"]
[White "Madl, Ildiko"]
[Black "Horvath, Julia"]
[Result "1/2-1/2"]
[WhiteElo "2430"]
[BlackElo "2245"]

1.e4 d6 2.d4 Nf6 3.Nc3 Nbd7 4.Nf3 e5 5.Bc4 Be7 6.O-O O-O 7.Re1 c6 8.a4 a5
9.Ba2 Qc7 10.h3 h6 11.Be3 Re8 12.Qd2 Bf8 13.Rad1 Nb6 14.Nh4 Be6 15.Bxe6 Rxe6
16.b3 Kh7 17.d5 Ree8 18.Qd3 Nbd7 19.dxc6 bxc6 20.Nf5 Nc5 21.Bxc5 dxc5 22.Ne3 Red8
23.Qe2 Rd4 24.Nf5 Rdd8 25.Nb1 Kg8 26.Na3 g6 27.Rxd8 Rxd8 28.Ng3 h5 29.Qf3 Nd7
30.Rd1 Nb6 31.Rxd8 Qxd8 32.Qc3 Qd4 33.Qxa5 c4 34.Nxc4 Nxc4 35.bxc4 Bc5 36.Qe1 Qxc4
37.Qe2  1/2-1/2

[Event "HUN-ch univ"]
[Site "HUN"]
[Date "1993.??.??"]
[Round "4"]
[White "Borocz, Istvan"]
[Black "Peter, Ambrus"]
[Result "0-1"]
[WhiteElo "2325"]
[BlackElo "2295"]

1.e4 d6 2.d4 Nf6 3.Nc3 c6 4.Nf3 Bg4 5.Be2 e6 6.O-O Be7 7.h3 Bh5 8.Re1 O-O
9.Be3 d5 10.Nd2 Bxe2 11.Qxe2 a6 12.Qf3 b5 13.Rad1 Nbd7 14.Bf4 Nb6 15.Be5 b4
16.Ne2 Nfd7 17.Bh2 a5 18.Nf4 Bf6 19.e5 Be7 20.Qg4 c5 21.dxc5 Nxc5 22.Nh5 g6
23.Bf4 Rc8 24.Nf3 Ncd7 25.Nd4 Na4 26.Bh6 Nxb2 27.Bxf8 Nxf8 28.Rb1 Nc4 29.Rb3 Nd7
30.Nxe6 fxe6 31.Qxe6+ Kh8 32.Qxd5 gxh5 33.Rd3 Nc5 34.Qf7 Nxd3 35.cxd3 Nxe5
36.Qxh5 Nxd3 37.Rd1 Qf8 38.Qe2 Rc1 39.Kh2 Rxd1 40.Qxd1 Bd6+  0-1

[Event "Jakarta Interzonal (Women)"]
[Site "Jakarta"]
[Date "1993.??.??"]
[Round "?"]
[White "Lumongdong, Lisa Karlina"]
[Black "Starr, Nava"]
[Result "0-1"]
[WhiteElo "2080"]
[BlackElo "2210"]

1.e4 d6 2.d4 Nf6 3.Nc3 c6 4.g3 Qa5 5.Bg2 e5 6.Ne2 Be7 7.O-O O-O 8.a3 Nbd7
9.Kh1 b5 10.Rb1 b4 11.axb4 Qxb4 12.h3 Ba6 13.Ra1 Qb6 14.Re1 Rfe8 15.b3 Rad8
16.Be3 c5 17.dxe5 dxe5 18.Qc1 Bb7 19.Rd1 Nf8 20.Rxd8 Rxd8 21.Qa3 Qb4 22.Qa5 a6
23.Qc7 N8d7 24.Ra4 Qb6 25.Qxb6 Nxb6 26.Ra5 Rc8 27.f4 Nfd7 28.fxe5 Nxe5 29.Nf4 Kf8
30.Nfd5 Nxd5 31.Nxd5 Bd6 32.Bf4 f6 33.g4 Kf7 34.Ra2 c4 35.Bxe5 Bxe5 36.b4 c3
37.Kg1 Rc4 38.Kf2 Rd4 39.Ke3 Rd2 40.Bf1 Bd4+ 41.Kf3 Rf2+ 42.Kg3 Rxf1 43.Ra3 Rc1
44.Ra2 Rb1  0-1

[Event "Jakarta zt"]
[Site "Jakarta"]
[Date "1993.??.??"]
[Round "7"]
[White "Nishimura, Hiroyuki"]
[Black "Hsu Li Yang"]
[Result "1/2-1/2"]
[WhiteElo "2325"]
[BlackElo "2370"]

1.e4 d6 2.d4 Nf6 3.Nc3 e5 4.Nf3 Nbd7 5.Bc4 Be7 6.O-O O-O 7.Re1 c6 8.a4 b6
9.b3 Bb7 10.Ba3 a6 11.d5 c5 12.Qd3 Nh5 13.Rad1 g6 14.Bc1 Bf6 15.Ne2 Bg7 16.g4 Nhf6
17.h3 Ne8 18.Ng3 Nc7 19.Kh2 b5 20.axb5 axb5 21.Bxb5 Nxb5 22.Qxb5 Ba6 23.Qa4 Bd3
24.Rxd3 Rxa4 25.bxa4 Nb6 26.Bd2 Nxa4 27.Ra1 c4 28.Rda3 Nc5 29.Be3 Qb6 30.Nd2 Qb4
31.c3 Qb8 32.Nxc4 Nd3 33.Nb6 Qc7 34.c4 Nf4 35.Ra8 Qe7 36.Nd7 Qh4 37.Bxf4 exf4
38.Nxf8 Bxf8 39.Nh1 h5 40.gxh5 g5 41.f3 g4 42.fxg4 Qf6 43.Rf1 Kg7 44.g5 Qe5
45.Rf3 Qxg5 46.Ra2 Kh7 47.Raf2 Bh6 48.Rxf4 Qe5 49.Kg3 Bxf4+ 50.Rxf4 Kh6 51.Nf2 Kxh5
52.Ng4 Qc3+ 53.Rf3 Qe1+ 54.Kg2 Qe2+ 55.Nf2 Kg6 56.Rg3+ Kh7 57.Rc3 Qd2 58.Rf3 Kg7
59.e5 Qc2 60.exd6 Qxc4 61.Rd3 Kf8 62.d7 Ke7 63.d8=Q+ Kxd8 64.d6 Kd7 65.Kg3 Qc2
66.h4 Qe2 67.Kg2 Qh5 68.Kg3 Qe2  1/2-1/2

[Event "Katowice op"]
[Site "Katowice"]
[Date "1993.??.??"]
[Round "1"]
[White "Lukin, Andrei M"]
[Black "Sazonov, Anatolij"]
[Result "1-0"]
[WhiteElo "2445"]
[BlackElo "2120"]

1.e4 d6 2.d4 Nf6 3.Nc3 c6 4.f4 Qc7 5.Nf3 g6 6.Bd3 Bg7 7.O-O O-O 8.f5 e5 9.dxe5 dxe5
10.Qe1 Nbd7 11.Qh4 Nh5 12.Kh1 Qd8 13.Ng5 h6 14.fxg6 Nf4 15.Bxf4 exf4 16.gxf7+ Rxf7
17.Nf3 Qxh4 18.Nxh4 Ne5 19.Ne2 Nxd3 20.cxd3 Bxb2 21.Rab1 Bg7 22.Nxf4 b6 23.Rbe1 Be5
24.Nhg6 Bxf4 25.Nxf4 Ba6 26.Rf3 Raf8 27.g3 c5 28.Rfe3 Rd7 29.e5 c4 30.e6 Rd6
31.dxc4 Bxc4 32.a3 Re8 33.Kg2 Kg7 34.Re5 Re7 35.h4 a5 36.g4 b5 37.Kg3 Rd2
38.g5 b4 39.axb4 axb4 40.R1e4 Rc2 41.gxh6+ Kxh6 42.Rh5+ Kg7 43.Ree5 Kg8 44.Rhg5+ Kh7
45.Rg4 Rg7 46.Rxg7+ Kxg7 47.e7 Bf7 48.e8=Q Bxe8 49.Rxe8 b3 50.Rb8 b2 51.Kg4 Rd2
52.Kg5 Rc2 53.Rb7+ Kf8 54.h5 Rh2 55.Ng6+ Ke8 56.h6 Rg2+ 57.Kh5 Rc2 58.h7  1-0

[Event "Katowice op"]
[Site "Katowice"]
[Date "1993.??.??"]
[Round "5"]
[White "Pachow, Joerg"]
[Black "Pedersen, Steffen"]
[Result "0-1"]
[WhiteElo "2300"]
[BlackElo "2390"]

1.e4 d6 2.d4 Nf6 3.Nc3 e5 4.Nf3 Nbd7 5.Bc4 Be7 6.O-O O-O 7.Re1 c6 8.a4 a5
9.Bg5 h6 10.Bh4 Qb6 11.Qd2 Re8 12.h3 exd4 13.Nxd4 Ne5 14.Bb3 Bxh3 15.Nf5 Bxf5
16.exf5 Qb4 17.Bg3 Rad8 18.Rad1 Qg4 19.Qf4 Nh5 20.Qxg4 Nxg4 21.f3 Nxg3 22.fxg4 d5
23.Kf2 Bd6 24.Kf3 Kf8 25.Ne2 Ne4 26.Nd4 Bc5 27.Re3 Ng5+ 28.Ke2 Rxe3+ 29.Kxe3 Re8+
30.Kd3 Re4 31.Ne2 Rxg4 32.c4 Ne4 33.Rf1 Nf2+ 34.Kd2 dxc4 35.Bc2 Rxg2 36.Nf4 Ne4+
37.Kd1 Rd2+ 38.Kc1 Be3 39.Kb1 Rd4 40.Bxe4 Rxe4  0-1

[Event "Katowice op"]
[Site "Katowice"]
[Date "1993.??.??"]
[Round "5"]
[White "Khait, A."]
[Black "Gawronski, Miroslaw"]
[Result "1-0"]
[WhiteElo "2415"]
[BlackElo "2275"]

1.e4 d6 2.d4 Nf6 3.Nc3 c6 4.f4 Qa5 5.Nf3 Nxe4 6.Bd3 Nf6 7.O-O Bf5 8.b4 Qxb4
9.Bxf5 Qxc3 10.Bd2 Qc4 11.Rb1 b5 12.Bd3 Qd5 13.Qe2 Nbd7 14.c4 bxc4 15.Bxc4 Qh5
16.Ba6 c5 17.Bb7 Rb8 18.Bc6 Rd8 19.Ba5 cxd4 20.Rb5 d5 21.Bxd8 Kxd8 22.Qb2 e5
23.fxe5 Nxe5 24.Rxd5+  1-0